LEADER 01581nam a2200325 a 4500 001 000000142541 003 CaOOAMICUS 005 20150331100845.0 008 150331s2015 it r z000 u ita r 020 $a978-88-7653-671-7 040 $aPUL$bita 041 0 $aita$afre$aeng$aspa$ager 245 01$a"Canterņ in eterno le misericordie del Signore" (Sal. 89,2) :$bstudi in onore del prof. Gianni Barbiero in occasione del suo settantesimo compleanno /$ca cura di Stefan M. Attard e Marco Pavan. 260 $aRoma :$bGregorian & Biblical Press,$c2015. 300 $aXXIX, 430 p. ;$c23 cm 490 1 $aAnalecta biblica. Studia ;$v03 500 $aInclude indici. 504 $aBibliografia in nota. 546 $aTesti in italiano, francese, inglese, spagnolo e tedesco. 600 14$aBarbiero, Gianni.$0(OLS)http://pul/subject/41479 700 1 $aAttard, Stefan M.$0(OLS)http://pul/name/91664 700 1 $aPavan, Marco.$0(OLS)http://pul/name/91665 830 0$aAnalecta biblica.$pStudia ;$v03.$0(OLS)http://pul/title/180444 850 $aPUL 852 $aPUL$W1$xSL Religione 1$y3$m10(4) B 1.3$j164425$qStampati$B164646$CPULBib$Z2$F164646 $H125622 $82 941 1 $a8 996 $6020$a978-88-7653-671-7$9(OLS)http://pul/number/157295 996 $6245$a"Canterņ in eterno le misericordie del Signore" (Sal. 89,2) :$bstudi in onore del prof. Gianni Barbiero in occasione del suo settantesimo compleanno$9(OLS)http://pul/title/180446 996 $6260$aRoma :$bGregorian & Biblical Press$9(OLS)http://pul/publisher/81048 LEADER 01124nam a2200289 a 4500 001 000000174468 003 CaOOAMICUS 005 20210426171034.0 008 210426s2000 nyu u000 u eng r 020 $z0-19-513193-2* 032 $aLibriCat 040 $aPUL$bita$d 082 00$a230.01 100 1 $aPlantinga, Alvin.$0(OLS)http://pul/name/81859 245 10$aWarranted Christian belief / $cAlvin Plantinga. 260 $aNew York :$bOxford University Press,$c2000. 300 $axx, 508 p. ;$c24 cm 504 $aBibliografia in nota a pič pagina. 650 4$aCristianesimo$xFilosofia.$0(OLS)http://pul/subject/41773 850 $aPUL 852 $aPUL$W1$xSL Religione 3$y85$m230 PLAAL 1$j198794$qDDC 21$B203411$CPULBib$Z2$F203411 $H134942 $82 941 1 $a9 996 $6020$z0-19-513193-2*$9(OLS)http://pul/number/168152 996 $6082$a230.01$9(OLS)http://pul/classification/1840 996 $6245$aWarranted Christian belief / $9(OLS)http://pul/title/215748 996 $6260$aNew York :$bOxford University Press$9(OLS)http://pul/publisher/50683